Countries with multiple borders between them - Statistics

General Stats
  • This quiz has been taken 1,514 times
    1,274 since last reset
  • The average score is 36 of 50
Answer Stats
Country % Correct
China
99%
Russia
99%
India
97%
United Kingdom
95%
Indonesia
94%
Ukraine
93%
France
92%
Spain
92%
United States
92%
Malaysia
91%
Canada
90%
Switzerland
88%
Austria
87%
South Africa
87%
Israel
86%
Germany
85%
Italy
83%
Romania
82%
Jordan
80%
Poland
80%
Brunei
79%
Bangladesh
77%
Croatia
77%
East Timor
77%
Mozambique
76%
Argentina
75%
Chile
74%
Bosnia Herzegovina
73%
Belgium
72%
Netherlands
72%
Morocco
71%
Finland
69%
Slovenia
69%
Iran
68%
Sweden
66%
Armenia
63%
Azerbaijan
63%
Belarus
60%
Lithuania
60%
Uruguay
60%
DR Congo
47%
Angola
41%
Mexico
39%
Cyprus
38%
Uzbekistan
38%
Tajikistan
36%
Oman
34%
United Arab Emirates
34%
Belize
31%
Kyrgyzstan
31%
No matching quizzes found
Score Distribution
Percent of People with Each Score
Percentile by Number Answered
Your Score History
You have not taken this quiz since the last reset